Central Library OPAC University of Rajshahi

Leçons sur la propagation des ondes et les équations de l'hydrodynamique / (Record no. 68887)

MARC details
000 -LEADER
fixed length control field 00723nam a2200229 a 4500
001 - CONTROL NUMBER
control field 68887
003 - CONTROL NUMBER IDENTIFIER
rucl marc code BD-RjUL
005 - DATE AND TIME OF LATEST TRANSACTION
control field 20211209081824.0
008 - FIXED-LENGTH DATA ELEMENTS--GENERAL INFORMATION
fixed length control field 170406s1949 nyua 000 0 fre
035 ## - SYSTEM CONTROL NUMBER
System control number (BD-RjUL)69098
040 ## - CATALOGING SOURCE
Original cataloging agency DLC
Transcribing agency RBN
Modifying agency BD-RjUL
Language of cataloging eng
041 ## - LANGUAGE CODE
Language code of text/sound track or separate title eng
082 ## - DEWEY DECIMAL CLASSIFICATION NUMBER
Edition number 23
Classification number 532.5
Author mark and year HAL 1949
100 1# - MAIN ENTRY--PERSONAL NAME
Personal name Hadamard, Jacques,
Dates associated with a name 1865-1963.
9 (RLIN) 204119
245 10 - TITLE STATEMENT
Title Leçons sur la propagation des ondes et les équations de l'hydrodynamique /
Statement of responsibility, etc. par Jacques Hadamard.
260 ## - PUBLICATION, DISTRIBUTION, ETC. (IMPRINT)
Place of publication, distribution, etc. New York :
Name of publisher, distributor, etc. Chelsea publishing company,
Date of publication, distribution, etc. c1949.
300 ## - PHYSICAL DESCRIPTION
Pagination v, 372 p. :
Illustrations ill. ;
Size 26 cm.
650 #0 - SUBJECT ADDED ENTRY--TOPICAL TERM
Topical term or geographic name as entry element Hydrodynamics
9 (RLIN) 204120
Topical term or geographic name as entry element Wave-motion, Theory of.
9 (RLIN) 203659
942 ## - ADDED ENTRY ELEMENTS (KOHA)
Source of classification or shelving scheme Dewey Decimal Classification
Koha item type Books
Holdings
Lost status Source of classification or shelving scheme Damaged status Not for loan Collection code Permanent Location Current Location Shelving location Date acquired Source of acquisition Cost, normal purchase price Total Checkouts Full call number Date last seen Copy number Koha item type
  Dewey Decimal Classification   Not For Loan Non-fiction Central Library, University of Rajshahi Central Library, University of Rajshahi Reading Room 11/03/1963 Zeitlinger 35.00   532.5 HAL 1949 06/04/2017 C-1 Books